| 000 | 01492cam a2200385 a 4500 | ||
|---|---|---|---|
| 001 | 3981793 | ||
| 003 | LC | ||
| 005 | 20160316102508.0 | ||
| 008 | 951229s1996 nyub 000 1 eng | ||
| 010 | _a 95053360 | ||
| 020 | _a0345404920 | ||
| 040 |
_aDLC _cDLC _dDLC _dOCoLC _dDLC |
||
| 043 |
_an-usu-- _an-us--- |
||
| 050 | 0 | 0 |
_aPS 3569 .H18 _b.Sh524 1998 |
| 082 | 0 | 0 |
_aFIC _bSh1g 1998 |
| 100 | 1 |
_aShaara, Jeff, _d1952- _920162 |
|
| 245 | 1 | 0 |
_aGods and generals / _cJeff Shaara. |
| 250 | _a1st ed. | ||
| 260 |
_aNew York : _bBallantine Books, _c1998. |
||
| 300 |
_a491 p. : _c18 cm. |
||
| 600 | 1 | 0 |
_aJackson, Stonewall, _d1824-1863 _xFiction. _920163 |
| 650 | 0 |
_aGenerals _xFiction. _920164 |
|
| 651 | 0 |
_aUnited States _xHistory _yCivil War, 1861-1865 _xFiction. _920165 |
|
| 651 | 0 |
_aSouthern States _xFiction. _920166 |
|
| 655 | 7 |
_aWar stories. _2gsafd _94878 |
|
| 655 | 7 |
_aHistorical fiction. _2gsafd _92926 |
|
| 700 | 1 |
_aShaara, Michael. _tKiller angels. _920167 |
|
| 856 | 4 | 2 |
_3Contributor biographical information _uhttp://www.loc.gov/catdir/bios/random057/95053360.html |
| 856 | 4 | 1 |
_3Sample text _uhttp://www.loc.gov/catdir/samples/random044/95053360.html |
| 856 | 4 | 2 |
_3Publisher description _uhttp://www.loc.gov/catdir/description/random0412/95053360.html |
| 906 |
_a7 _bcbc _corignew _d1 _eocip _f19 _gy-gencatlg |
||
| 942 |
_2lcc _cBK |
||
| 999 |
_c11413 _d11413 |
||